000 00424nam a22001457a 4500
003 OSt
005 20160727222339.0
008 160618b xxu||||| |||| 00| 0 eng d
040 _cTEST
100 _941
_aMan, Z
245 _aI Can Jump Higher! Reader's Digest Kids
_bI Can Jump Higher! Reader's Digest Kids
260 _aN.Y
_bReader's Digest Children
_c2000
300 _aI Can Jump Higher! Reader's Digest Kids
942 _2ddc
_cBK
999 _c34
_d34